| 000 | 00909aam a2200313 4500 | ||
|---|---|---|---|
| 005 | 20161208110012.0 | ||
| 008 | 150424b xxu||||| |||| 00| 0 spa d | ||
| 041 | _aspa | ||
| 082 | _a618.97 M828t | ||
| 100 |
_aMorales Martínez, Fernando _99709 |
||
| 245 | _aTemas prácticos en geriatría y gerontología | ||
| 260 |
_aCosta Rica _bEUNED _c2007 |
||
| 300 | _a213 páginas | ||
| 505 | _aTomo I | ||
| 650 |
_aCOSTA RICA _934713 |
||
| 650 |
_aGERIATRIA _9227 |
||
| 650 |
_aGERONTOLOGIA _9226 |
||
| 650 |
_aENFERMEDADES _91305 |
||
| 650 |
_aVALORACION GERIATRICA _99711 |
||
| 650 |
_aTRANSTORNOS PSICOLOGICOS _99712 |
||
| 650 |
_aASPECTOS NEUROPSICOLOGICOS _99713 |
||
| 650 |
_aDIAGNOSTICO _9295 |
||
| 650 |
_aTRATAMIENTO _9296 |
||
| 650 |
_aENVEJECIMIENTO _91376 |
||
| 650 |
_aMALTRATO A LOS ADULTOS _99714 |
||
| 650 |
_aABUSO A PERSONAS MAYORES _99715 |
||
| 650 |
_aBIOETICA _92494 |
||
| 942 | _cBK | ||
| 999 |
_c4987 _d4987 |
||